Minecraft Biomes by Image - Statistics

General Stats
  • This quiz has been taken 75 times
  • The average score is 13 of 20
Answer Stats
Picture Answer % Correct
Desert
92%
Swamp
87%
The End
87%
Birch Forest
82%
Bamboo Jungle
80%
Beach
75%
River
72%
Taiga
72%
Dark Forest
68%
Savanna
68%
Soul Sand Valley
68%
Ice Spikes
63%
Warped Forest
63%
Warm Ocean
57%
Flower Forest
50%
Dripstone Cave
48%
Frozen Ocean
43%
Mushroom Fields
42%
Eroded Badlands
40%
Stony Peaks
32%
No matching quizzes found
Score Distribution
Percent of People with Each Score
Percentile by Number Answered
Your Score History
You have not taken this quiz